Loading...
Nationalised industries /
| Main Author: | |
|---|---|
| Other Authors: | |
| Format: | Printed Book |
| Language: | English |
| Published: |
Penguin,
1970.
|
| Series: | Penguin modern economics. Ed by B J Mccormick
|
| LEADER | 00496nam a2200145Ia 4500 | ||
|---|---|---|---|
| 008 | 150624b xxu||||| |||| 00| 0 eng d | ||
| 082 | |a 338.9 | ||
| 100 | |a Reid, Graham L. | ||
| 245 | |a Nationalised industries / |c Graham L. Reid | ||
| 260 | |b Penguin, |c 1970. | ||
| 490 | |a Penguin modern economics. Ed by B J Mccormick | ||
| 700 | |a Allen, Kevin | ||
| 942 | |c BK | ||
| 999 | |c 6582 |d 6582 | ||
| 952 | |0 0 |1 0 |4 0 |6 338_900000000000000_REI_N |7 0 |9 6581 |a UL |b UL |c SEC |d 1998-08-28 |l 0 |o 338.9 REI/N |p 10644 |r 2012-10-27 |w 2012-10-27 |y BK | ||